Εφαρμογή μεθόδων υπολογιστικής νοημοσύνης στην επεξεργασία υγρών αποβλήτων : έλεγχος μονάδας ενεργού ιλύος : μεταπτυχιακή διατριβή
Αποθηκεύτηκε σε:
| Κύριος συγγραφέας: | |
|---|---|
| Συγγραφή απο Οργανισμό/Αρχή: | |
| Άλλοι συγγραφείς: | |
| Μορφή: | Thesis Βιβλίο |
| Γλώσσα: | Greek |
| Δημοσίευση: |
Μυτιλήνη :
Πανεπιστήμιο Αιγαίου, Σχολή Περιβάλλοντος, Τμήμα Περιβάλλοντος,
2005
|
| Θέματα: | |
| Ετικέτες: |
Προσθήκη ετικέτας
Δεν υπάρχουν, Καταχωρήστε ετικέτα πρώτοι!
|
MARC
| LEADER | 00000cam a2200000 i 4500 | ||
|---|---|---|---|
| 001 | 1/23187 | ||
| 008 | 060131s2005 gre d | ||
| 035 | |l 10082355 | ||
| 040 | |a GR-MY-UA |b gre |e aacr | ||
| 041 | 0 | |a gre | |
| 082 | 0 | |a 628.5 |2 (22) | |
| 100 | 1 | |a Κοτζαπέτρος, Αλέξανδρος Δ. | |
| 245 | 1 | 0 | |a Εφαρμογή μεθόδων υπολογιστικής νοημοσύνης στην επεξεργασία υγρών αποβλήτων : |b έλεγχος μονάδας ενεργού ιλύος : μεταπτυχιακή διατριβή / |c Κοτζαπέτρος Αλέξανδρος Δ. ; υπεύθυνος καθηγητής Παναγιώτης Παρασκευάς |
| 260 | |a Μυτιλήνη : |b Πανεπιστήμιο Αιγαίου, Σχολή Περιβάλλοντος, Τμήμα Περιβάλλοντος, |c 2005 | ||
| 300 | |a 154 σ.; |b σχ., πιν.; |c 30 εκ. | ||
| 502 | # | # | |a Διατριβή (μεταπτυχιακή) – Πανεπιστήμιο Αιγαίου, Λέσβος, 2003. |
| 504 | |a Βιβλιογραφία: σ. 150-154 | ||
| 650 | 0 | 0 | |a Pollution control equipment. |
| 650 | 0 | 0 | |a Sewage disposal plants |x Equipment and supplies. |
| 650 | 0 | 0 | |a Sewage disposal plants |x Design and construction. |
| 650 | 0 | 0 | |a Dissertations, Academic |z Greece. |
| 700 | 1 | |a Παρασκευάς, Παναγιώτης. |4 ths | |
| 710 | 2 | |a Πανεπιστήμιο Αιγαίου |b Σχολή Περιβάλλοντος |b Τμήμα Περιβάλλοντος |b Θεοφράστειο Πρόγραμμα Μεταπτυχιακών Σπουδών Περιβαλλοντική και Οικολογική Μηχανική. | |
| 852 | |a INST |b LESVOS |c DIATR |e 20060131 |h 59 |p 005100034460 |q 005100034460 |t MTXE |y 23 | ||
| 852 | |a INST |b LESVOS |c DIATR |e 20060131 |h 60 |p 005100034439 |q 005100034439 |t MTXE |y 23 | ||
| 901 | |a BIBL1-2006-1 | ||
| 909 | |a Λ |b 125241 | ||
| 909 | |a Λ |b 125240 | ||
| 924 | |a ΚΟΤΖΑΠΕΤΡΟΣ |b ΑΛΕΞΑΝΔΡΟΣ Δ. |y ΛΕΣΒΟΣ |z 2005-11 | ||
| 970 | |a ΜΑΡΙΝΑΤΟΥ |b ΜΥΡΣΙΝΗ |z 2006/01/31 | ||